000 00909nas a2200301 4500
001 BR0900816
003 BR-BrBNA
005 20231205113107.0
007 ta
008 230509b bl.|||p| |||| 00| 00por d
040 _aBR-BrBNA
_bpor
_cBiblioteca Nacional de Agricultura
041 _a(Pt)
072 _aH60
100 1 _aSimoni, F.
100 1 _aVictoria Filho, R.
100 1 _aSan Martins, H.A.M.
100 1 _aSalvador, F.L.
100 1 _aAlves, A.S.R.
100 1 _aBremer Neto, H.
245 1 _aEficácia de imazapic e sulfentrazone sobre Cyperus rotundus em diferentes condições de chuva e palha de cana-de-açúcar
650 _aHERBICIDA
650 _aCANA DE AÇÚCAR
650 _aPALHA
650 _aSULFETO
773 0 _tPlanta Daninha (Brazil)
_xISSN 0100-8358
_g(2006), v. 24(4) p. 769-778
_wBR0900816
909 _a202311
_bLúcia
_c55
_dLúcia Elande
942 _2AGRIS
_n0
_cANA
999 _c201799
_d201799